Loading...
| History - American | 0 | 8 | 1 | 2 | 75 | 42 | 65.25 | 1 | 4 | 0.00 | 0.00 |
| Literature - British | 0 | 4 | 0 | 1 | 40 | 55 | 92.50 | 0 | 1 | 0.00 | 0.00 |
| Science - Chemistry | 0 | 4 | 0 | 2 | 40 | 60 | 88.50 | 0 | 1 | 0.00 | 0.00 |
| Mythology | 0 | 4 | 0 | 2 | 40 | 68 | 87.50 | 0 | 1 | 0.00 | 0.00 |
| History - European | 0 | 4 | 0 | 1 | 40 | 37 | 57.25 | 0 | 2 | 0.00 | 0.00 |
| Painting/Sculpture | 0 | 3 | 0 | 0 | 30 | 86 | 90.33 | 0 | 0 | 0.00 | 0.00 |
| Philosophy | 0 | 3 | 0 | 1 | 30 | 87 | 95.00 | 0 | 1 | 0.00 | 0.00 |
| Current Events | 0 | 2 | 0 | 1 | 20 | 77 | 91.00 | 0 | 0 | 0.00 | 0.00 |
| Literature - European | 0 | 2 | 0 | 1 | 20 | 116 | 117.50 | 0 | 1 | 0.00 | 0.00 |
| History - Other | 0 | 2 | 0 | 0 | 20 | 50 | 68.50 | 0 | 1 | 0.00 | 0.00 |
| Science - Biology | 0 | 2 | 0 | 2 | 20 | 69 | 83.50 | 0 | 0 | 0.00 | 0.00 |
| Social Science | 0 | 1 | 0 | 1 | 10 | 100 | 100.00 | 0 | 0 | 0.00 | 0.00 |
| History - World | 0 | 1 | 0 | 0 | 10 | 65 | 65.00 | 0 | 1 | 0.00 | 0.00 |
| Literature - American | 0 | 1 | 0 | 0 | 10 | 84 | 84.00 | 0 | 0 | 0.00 | 0.00 |
| Literature - World | 0 | 1 | 0 | 1 | 10 | 114 | 114.00 | 0 | 0 | 0.00 | 0.00 |
| Science - Physics | 0 | 1 | 0 | 1 | 10 | 91 | 91.00 | 0 | 0 | 0.00 | 0.00 |
| Fine Arts - Other | 0 | 1 | 1 | 0 | 5 | 87 | 87.00 | 0 | 1 | 0.00 | 0.00 |
| Religion | 0 | 1 | 1 | 0 | 5 | 95 | 95.00 | 0 | 0 | 0.00 | 0.00 |